000 00500cam a2200205ua 4500
001 7904
005 20260515114252.0
008 141230n ii |||gr||||Z||||||hin
040 _cMAIN
041 _ahin
082 _a891.431
100 _aBhati, D. S.,
_eAuthor.
245 1 _aPant aur unka tarapad
_cBy Deshraj Singh Bhati
250 _a1st.
260 _aDelhi:
_bAshok,
_c2005.
300 _a352p.
653 _aEast Indo-European & Celtic literatures
653 _aHindi poems
942 _cBK
999 _c7019
_d7019